000 00341nam a2200133Ia 4500
005 20260326100029.0
008 260326s9999||||xx |||||||||||||| ||und||
100 _aSlesin, Suzanne
245 0 _aCaribbean Style /
_cSuzanne Slesin
260 _bClarkson Potter Publishers
300 _a312 p.
650 _aARQUITECTURA REGIONAL
942 _cBK
999 _c6539
_d6539